1196 1741 1151 1017 1088 1344 1045 1764 1728 1152 1478 1896 1722 1460 1181 1872 1725 1670 1578 1391 1951 1477 1035 1683 1246 1915 1607 1888 1079 1988 1863 1638 1472 1462 1995 1716 1588 1943 1433 1387 1461 1404 1111 1396 1640 1450 1243 1088 1395 1765 1404 1336 1673 1616 1905 1787 1304 1433 1482 1606 1213 1624 1143 1171 1263 1930 1417 1660 1544 1196 1278 1814 1172 1998 1075 1778 1659 1746 1114 1341 1854 1045 1536 1360 1981 1528 1538 1841 1588 1366 1441 1953 1545 1902 1616 1037 1513 1740 1788 BCNSPRNW ULIB Ver.6.0+V

เปลี่ยนเป็นภาษาไทย

Change to English
 แสดงรายละเอียดบรรณานุกรม
  กลับหน้าหลัก

Brief Record : Get Marc (ISO 2709) : E-mail record : QR code < ปิดหน้าต่าง
LEADER : 00000nam 2200000uu 4500
001    13399114176
003     ULIB
008    120228s2552||||th 000 0 tha d
020    ^a9789748287850
050  4 ^aTP248.16^bว336ศ 2552
100 0  ^aวรุณวรรณ ผาโคตร
245 10 ^aศัพท์ :^bเทคโนโลยีชีวภาพ สิ่งแวดล้อมและการแพทย์ทางเลือก /^cวรุณวรรณ ผาโคตร
246 30 ^aศัพท์ :^bเทคโนโลยีชีวภาพ อาชีวอนามัย
246 31 ^aVocabulary in biotechnology environment and alternative
246 31 ^aVocabulary in biotechnology environment occupational
250    ^aพิมพ์ครั้งที่ 1
260    ^aกรุงเทพฯ :^bเค. เอส. พี. การพิมพ์,^c2552
300    ^a197 หน้า ;^c15 ซม.
650  4 ^aเทคโนโลยีชีวภาพ^vพจนานุกรม
650  4 ^aสิ่งแวดล้อม^vพจนานุกรม
650  4 ^aการแพทย์ทางเลือก^vพจนานุกรม
700 0  ^aสิรนาท นุชนาถ
945    ^p199^l0^i18779
945    ^p199^l0^i18780
995    ^aกัณชพร
999 ^a ใช้งานได้ทุกระบบ
รายการนี้ยังไม่มีแท็ก
คุณยังไม่ได้ล็อกอิน คุณสามารถมีกิจกรรมร่วมกับเว็บไซต์ได้ แต่ต้องล็อกอินก่อน ::
  ล็อกอิน

รายการสื่อสารสนเทศ

ลำดับที่ ประเภท เลขเรียก/บาร์โค้ด สถานที่ สถานะ
- ไม่พบข้อมูล -

รายการใกล้เคียง
    ผู้แต่ง [วรุณวรรณ ผาโคตร]

BibComment


ยังไม่เคยถูกคอมเมนท์

คอมเมนท์ทรัพยากรรายการนี้
  คอมเมนท์: ศัพท์ เทคโนโลยี..


 Copyright 2026. Bcnsprnw @Library